000 00260 a2200121 4500
000 nam a22 7a 4500
100 _aKamaldeep
110 _aKamaldeep
245 _aProgramming for Problem-solving with C
260 _bBpb
264 _bBpb
942 _cBK
999 _c394928
_d394928